Cyclisme - Palmarès Tour Down Under (2000 - 2023) - Statistiques

Statistiques générales
  • Ce quiz a été pris 18 fois
  • Le résultat moyen est 6 sur 24
Statistiques - réponses
Année 1er % Correct
2017 Richie Porte
93%
2020 Richie Porte
93%
2023 Jay Vine
40%
2008 André Greipel
33%
2010 André Greipel
33%
2015 Rohan Dennis
33%
2006 Simon Gerrans
27%
2012 Simon Gerrans
27%
2014 Simon Gerrans
27%
2016 Simon Gerrans
27%
2005 Luis Leon Sanchez
20%
2002 Michael Rogers
20%
2021 Annulé
13%
2022 Annulé
13%
2018 Daryl Impey
13%
2019 Daryl Impey
13%
2009 Allan Davis
7%
2011 Cameron Meyer
7%
2000 Gilles Maignan
7%
2007 Martin Elminger
7%
2003 Mikel Astarloza
7%
2004 Patrick Jonker
7%
2001 Stuart O'Grady
7%
2013 Tom Jelte Slagter
7%
Aucun quiz correspondant
Distribution des résultats
% des personnes avec chaque résultat
Percentile par nombre de réponses
Votre historique - résultats
Vous n’avez pas pris ce quiz